Opus theologicum de obiecto contingenti divini intellectus, in duos libros divisum. Primus, de obiecto contingenti absoluto. Secundus, de obiecto contingenti conditionato / authore, R.A.P.M.F. Sebastiano de Celada, Monacho cisterciensi, sacrae theologiae emerito Lectore, et Congregationis S. Bernardi hispaniarum generali magistro

Detalles Bibliográficos
Autor principal: Celada, Sebastián de
Formato: Libro
Lenguaje:Undetermined
Latin
Publicado: Matriti : apud Matthaeum Blanco typographum, 1713.
Materias:
Colección:Banco de datos
Acervo:Museo Virreinal de Zinacantepec. Estado de México
Descripción Física:[10] h., 531 p. ; f°
Tema general:Teología dogmática
Notas:Portada con orla en grabado xilográfico. Encuadernación en piel labrada sobre madera. Marca de fuego: Convento de Carmelitas Descalzos de Toluca, Estado de México
LEADER 00953nam a2200169Ia 4500
008 150723s9999 xx 000 0 und d
041 0 |a lat 
100 1 |a Celada, Sebastián de 
245 1 0 |a Opus theologicum de obiecto contingenti divini intellectus, in duos libros divisum. Primus, de obiecto contingenti absoluto. Secundus, de obiecto contingenti conditionato / authore, R.A.P.M.F. Sebastiano de Celada, Monacho cisterciensi, sacrae theologiae emerito Lectore, et Congregationis S. Bernardi hispaniarum generali magistro 
260 |a Matriti : apud Matthaeum Blanco typographum, 1713. 
300 |a [10] h., 531 p. ; f° 
500 |a Portada con orla en grabado xilográfico. Encuadernación en piel labrada sobre madera. Marca de fuego: Convento de Carmelitas Descalzos de Toluca, Estado de México 
650 1 0 |a Teología dogmática 
949 |a 4083 
942 |c ZINACA 
943 |g Museo Virreinal de Zinacantepec. Estado de México 
999 |c 1107014  |d 1107014